Aiding democracy abroad : (Record no. 35721)

MARC details
000 -LEADER
fixed length control field 01098cam a22003014a 4500
001 - CONTROL NUMBER
control field 11770283
005 - DATE AND TIME OF LATEST TRANSACTION
control field 20240318183407.0
008 - FIXED-LENGTH DATA ELEMENTS--GENERAL INFORMATION
fixed length control field 990812s1999 dcu b 001 0 eng
010 ## - LIBRARY OF CONGRESS CONTROL NUMBER
LC control number 99045358
020 ## - INTERNATIONAL STANDARD BOOK NUMBER
International Standard Book Number 0870031686 (cloth)
020 ## - INTERNATIONAL STANDARD BOOK NUMBER
International Standard Book Number 0870031694 (paper)
035 ## - SYSTEM CONTROL NUMBER
System control number (DLC) 99045358
040 ## - CATALOGING SOURCE
Original cataloging agency LC
Transcribing agency LC
Modifying agency ABK
Description conventions RDA
042 ## - AUTHENTICATION CODE
Authentication code pcc
050 00 - LIBRARY OF CONGRESS CALL NUMBER
Classification number JC421
Item number .C246 1999
082 00 - DEWEY DECIMAL CLASSIFICATION NUMBER
Edition number 21
Classification number 321.8071
Item number CAR
100 1# - MAIN ENTRY--PERSONAL NAME
Personal name Carothers, Thomas,
Dates associated with a name 1956-
245 10 - TITLE STATEMENT
Title Aiding democracy abroad :
Remainder of title the learning curve /
Statement of responsibility, etc. Thomas Carothers.
260 ## - PUBLICATION, DISTRIBUTION, ETC.
Place of publication, distribution, etc. Washington, DC :
Name of publisher, distributor, etc. Carnegie Endowment for International Peace,
Date of publication, distribution, etc. c1999.
300 ## - PHYSICAL DESCRIPTION
Extent x, 411 pages ;
Dimensions 24 cm.
504 ## - BIBLIOGRAPHY, ETC. NOTE
Bibliography, etc. note Includes bibliographical references (p. 383-400) and index.
650 #0 - SUBJECT ADDED ENTRY--TOPICAL TERM
Topical term or geographic name entry element Democracy.
650 #0 - SUBJECT ADDED ENTRY--TOPICAL TERM
Topical term or geographic name entry element Democratization.
650 #0 - SUBJECT ADDED ENTRY--TOPICAL TERM
Topical term or geographic name entry element Technical assistance.
9 (RLIN) 18320
906 ## - LOCAL DATA ELEMENT F, LDF (RLIN)
a 7
b cbc
c orignew
d 1
e ocip
f 19
g y-gencatlg
942 ## - ADDED ENTRY ELEMENTS (KOHA)
Source of classification or shelving scheme Dewey Decimal Classification
Koha item type Book
Holdings
Withdrawn status Lost status Source of classification or shelving scheme Damaged status Not for loan Home library Current library Date acquired Total Checkouts Full call number Barcode Date last seen Price effective from Koha item type
    Dewey Decimal Classification     UMU Rubaga Campus Archbishop Kiwanuka Memorial Library 23/07/2015   321.8071 CAR 18931 27/09/2021 23/07/2015 Book

Archbishop Kiwanuka Memorial Library | Uganda Martyrs University P.O. Box : 5498 Kampala, Uganda
Tel : +256-(0) 382-277-901 or +256-(0) 382-410-611 / E-mail : library@umu.ac.ug